KOHA-Header-6

Creating Web Pages with HTML (Record no. 8271)

000 -LEADER
fixed length control field 00262nam a2200109Ia 4500
100 ## - MAIN ENTRY--AUTHOR NAME
Personal name Patrick Carey
245 #0 - TITLE STATEMENT
Title Creating Web Pages with HTML
260 ## - PUBLICATION, DISTRIBUTION, ETC. (IMPRINT)
Place of publication UK
Name of publisher Prentice Hall
Year of publication 1994
300 ## - PHYSICAL DESCRIPTION
Number of Pages 664
942 ## - ADDED ENTRY ELEMENTS (KOHA)
Koha item type Books
Holdings
Withdrawn status Lost status Collection code Permanent Location Current Location Shelving location Date acquired Full call number Accession Number Koha item type
    Computer Languages MAJU MAJU Shelf No.A18 2019-09-13 005.12 2875 Computer Languages

Powered by Koha